[Event "20th IPCA World-ch 2021"]
[Site "Torrevieja"]
[Date "2021.10.22"]
[Round "5.2"]
[White "Anfinogenov, Artem"]
[Black "Gurbanov, Andrei"]
[Result "1/2-1/2"]
[WhiteElo "2032"]
[BlackElo "2252"]
[Annotator "TA"]
[PlyCount "46"]
[EventDate "2021.10.19"]
[EventType "swiss"]
[EventRounds "9"]
[EventCountry "ESP"]
[SourceTitle "playchess.com"]
[Source "ChessBase"]
[SourceQuality "1"]

{[%evp 9,46,14,18,18,18,15,21,14,31,29,38,21,39,53,60,26,29,31,35,28,32,20,20,16,16,16,25,16,16,18,19,10,17,17,25,18,70,58,64]} 1. c4 e6 2. d4 d5 3. Nc3 a6 4. cxd5 exd5 5. Bf4 Nf6 6. e3 {D31: Queen's Gambit Declined: Semi-Slav without ...Nf6 (+ Marshall Gambit and Noteboom) and Exchange Variation lines without ...Nf6.} Bd6 7. Bxd6 {7.Bg5 is more advanced technology.} Qxd6 8. Bd3 {The position is equal.} Nc6 9. Nge2 Ne7 10. Qc2 g6 11. f3 c5 12. dxc5 Qxc5 13. Nd4 {[#]} Nc6 $146 ({Predecessor:} 13... Bd7 14. O-O Nc6 15. Qf2 Ne5 16. Rfd1 O-O 17. Rac1 Qb6 18. b3 Rfe8 19. Bb1 Rad8 {0-1 (30) Li,Y (2427)-Ma,Q (2620) China 2018}) 14. Nxc6 bxc6 15. Kf2 d4 16. Nd1 Qxc2+ 17. Bxc2 c5 18. exd4 cxd4 19. b3 Be6 20. Nb2 Ke7 21. Rhd1 Rhd8 22. Rd2 Rac8 ({Black should try} 22... a5 $11) 23. Bd3 $1 $14 a5 {Weighted Error Value: White=0.04/Black=0.11} 1/2-1/2

[Event "20th IPCA World-ch 2021"]
[Site "Torrevieja"]
[Date "2021.10.22"]
[Round "5.4"]
[White "Glazar, Domagoj"]
[Black "Tsapalin, Sergey"]
[Result "0-1"]
[WhiteElo "2142"]
[BlackElo "1981"]
[Annotator "TA"]
[PlyCount "76"]
[EventDate "2021.10.19"]
[EventType "swiss"]
[EventRounds "9"]
[EventCountry "ESP"]
[SourceTitle "playchess.com"]
[Source "ChessBase"]
[SourceQuality "1"]

{[%evp 9,76,31,33,22,15,18,23,24,21,30,62,38,70,68,67,66,62,20,93,106,98,96,115,91,103,76,64,59,68,56,70,72,77,58,81,79,93,-50,-40,-35,-23,-407,-398,-370,-379,-827,-827,-829,-818,-799,-768,-840,-834,-834,-827,-834,-826,-825,-824,-877,-729,-1206,-981,-29983,-29984,-29989,-29990,-29990,-29991]} 1. d4 f5 2. g3 g6 3. Bg2 Bg7 4. Nh3 Nf6 5. c3 O-O 6. O-O {A81: Dutch Defence: 2 g3.} d5 7. Nd2 {[%cal Bb1d2,Bd2f3,Bf3e5][%mdl 32]} c6 8. Nf3 {White has an edge.} Ne4 9. Nf4 Na6 10. Nd3 Nc7 11. Nfe5 Ne6 12. f3 Nd6 {[#]} 13. Qe1 $146 (13. Qb3 {keeps more tension.} Qb6 14. Re1 Rd8 15. Be3 Bd7 16. Red1) ({Predecessor:} 13. Nf4 Qb6 14. Nfd3 f4 15. Qb3 Qxb3 16. axb3 g5 17. e3 fxg3 18. hxg3 Nf5 19. Kf2 {0-1 (46) Larrea,D (1774)-Silva Rosas,N (1809) Punta del Este 2019}) 13... Nf7 (13... Qb6 $11 {remains equal.}) 14. Nxf7 $16 Rxf7 15. e4 Nc7 16. Bf4 e6 17. exf5 exf5 18. Qd2 Ne6 19. Be5 f4 20. Bxg7 Kxg7 21. Rae1 Qg5 22. Re5 Qf6 23. Bh3 (23. Rfe1 $16) 23... fxg3 $1 $15 24. hxg3 {[#]} Nxd4 $1 25. Bxc8 {[%mdl 8192] This move loses the game for White.} (25. Bg2 $11 {and White is okay.} Nb5 26. g4) 25... Nxf3+ $19 26. Rxf3 Qxf3 27. Bh3 $2 (27. Be6 Qxg3+ 28. Qg2 Qxd3 29. Bxf7 Qd1+ 30. Kh2 Kxf7 31. Qf2+ Kg8 32. Qe3) 27... Qxg3+ {[%mdl 64] Double Attack} 28. Bg2 Raf8 {[%csl Gf8][%cal Rf7f1] [#]} 29. Re1 Rf3 30. Re7+ Kg8 {[%csl Gf8][%cal Rf3f1]} 31. Qe1 Rxd3 32. Qxg3 Rxg3 33. Rxb7 {[%mdl 4096] Endgame KRR-KRB} Rf5 34. Kh2 Rgg5 {And now ...Rf2! would win.} 35. Kh3 h5 36. Rc7 h4 {Black mates.} 37. Rxc6 Rg3+ 38. Kh2 Rf2 {[%mdl 64] Double Attack.  Weighted Error Value: White=0.81/Black=0.20} 0-1

[Event "20th IPCA World-ch 2021"]
[Site "Torrevieja"]
[Date "2021.10.22"]
[Round "5.5"]
[White "Zakharova, Evgeniya"]
[Black "Nikitskaya, Varvara"]
[Result "1-0"]
[WhiteElo "2045"]
[BlackElo "1173"]
[Annotator "TA"]
[PlyCount "93"]
[EventDate "2021.10.19"]
[EventType "swiss"]
[EventRounds "9"]
[EventCountry "ESP"]
[SourceTitle "playchess.com"]
[Source "ChessBase"]
[SourceQuality "1"]

{[%evp 9,92,29,32,27,21,0,14,-11,-7,-45,-18,-77,-95,-86,-86,-163,-154,-185,-181,-174,-131,-178,-131,-197,-197,-186,-171,-133,-95,-128,-69,-85,-75,-83,-83,-83,-63,-143,-104,-141,-116,-166,-171,-148,0,-225,-220,-225,-218,-260,-242,-245,-20,-12,121,125,173,162,172,172,157,164,513,502,5106,5106,5102,5018,5090,5037,5037,5030,29981,29981,29990,29983,29989,29990,29995,29996,29997,29998,29998,29999,29999]} 1. d4 Nf6 2. Nf3 c5 3. c3 cxd4 4. cxd4 g6 5. Bf4 Bg7 6. e3 {[#] A46: 1 d4 Nf6 2 Nf3 e6: Torre, London and Colle Systems.} a6 $146 ({Predecessor:} 6... O-O 7. Nc3 d6 8. Be2 Nc6 9. O-O Nh5 10. Bg5 h6 11. Bh4 g5 12. d5 gxh4 13. Nxh4 Nf6 14. dxc6 bxc6 15. Rc1 Rb8 16. b3 {1-0 (52) Carlsen,M (2863)-Aronian,L (2773) chess24.com INT 2020}) 7. Qb3 Nc6 8. h3 {The position is equal.} O-O 9. Nbd2 d6 10. d5 (10. a3 $11) 10... Na5 $17 {[%cal Bc6a5,Ba5b7,Bb7c5][%mdl 32]} 11. Qd3 b5 12. Bh2 (12. e4 $17 {keeps fighting.}) 12... Nb7 $1 $19 13. e4 Nc5 14. Qe3 Bb7 15. Bd3 Nfd7 16. Nd4 (16. Rb1 $17 {was necessary.}) 16... Nxd3+ 17. Qxd3 Nc5 18. Qe3 f5 19. exf5 Bxd4 (19... gxf5 $17 20. Nc6 Bxc6 21. dxc6 Rc8) 20. Qxd4 $15 Rxf5 21. O-O Rxd5 22. Qe3 e5 23. b4 (23. Rad1 $15) 23... Nd3 24. Ne4 Rd4 25. Ng5 {aiming for Ne6.} Qf6 26. Rad1 Nf4 (26... Nb2 $1 $17 {[%cal Rb2d1]} 27. Rxd4 exd4) 27. Bxf4 $2 (27. Nxh7 $11 {and White is okay.} Kxh7 28. Rxd4 Bxg2 29. Rfd1 exd4 30. Qxf4 Qxf4 31. Bxf4) 27... Rxf4 $19 28. Qb3+ Rc4 $1 29. f4 exf4 30. h4 Kg7 $2 (30... h6 $19 31. Nf3 Re8) 31. Rfe1 $1 $11 {[%cal Re1e6] Hoping for Re6.} Bc8 (31... Rc3 $11 32. Qe6 Qxe6 33. Rxe6 Rc7) 32. Ne4 $16 {White leaves nothing to chance now.} Qxh4 {And now ...Bg4 would win.} 33. Nxd6 {Strongly threatening Qb2+.} Bg4 34. Nxc4 {Threatens to win with Nd6.} Bxd1 {[#]} 35. Qc3+ ({Not} 35. Rxd1 bxc4 36. Qxc4 Kh6 $11) 35... Kh6 $2 {[#]} (35... Kg8 36. Rxd1 Qg4) 36. Ne5 $1 $18 {[%cal Re5f7]} Bg4 (36... Rf8 $142 37. Rxd1 f3 38. Nxf3 Qf6) 37. Nf7+ Kh5 38. Re5+ Bf5 39. Qf3+ {[%mdl 64] Double Attack} Qg4 40. Qxa8 Qd1+ 41. Kh2 {White mates.} Kg4 42. Nh6+ Kg5 43. Nxf5 gxf5 44. Qg8+ {[%mdl 64] Double Attack} Kh6 45. Re6+ {[%mdl 64] Double Attack} Kh5 46. Qxh7+ {[%mdl 64] Double Attack} Kg5 47. Rg6# {Weighted Error Value: White=0.33/Black=0.64} 1-0

[Event "20th IPCA World-ch 2021"]
[Site "Torrevieja"]
[Date "2021.10.22"]
[Round "5.6"]
[White "Kimsanboyev, Axadxon"]
[Black "Valenta, Vit Vaclav"]
[Result "1-0"]
[WhiteElo "1636"]
[BlackElo "2028"]
[Annotator "TA"]
[PlyCount "103"]
[EventDate "2021.10.19"]
[EventType "swiss"]
[EventRounds "9"]
[EventCountry "ESP"]
[SourceTitle "playchess.com"]
[Source "ChessBase"]
[SourceQuality "1"]

{[%evp 13,103,1,9,7,0,0,0,0,17,18,10,0,66,66,79,81,85,54,96,87,107,101,97,-13,127,112,131,127,401,387,384,286,390,389,387,385,372,356,439,433,434,443,439,427,493,499,466,481,618,615,614,608,636,629,666,666,655,632,625,576,711,716,713,711,710,721,711,710,778,797,761,747,784,868,866,875,854,858,793,773,871,868,1005,868,2656,2283,2178,2478,2473,2425,2211,2218]} 1. d4 Nf6 2. Bf4 g6 3. e3 Bg7 4. Nf3 d6 5. Be2 O-O 6. h3 Nbd7 7. O-O b6 8. a4 {A48: 1 d4 Nf6 2 Nf3 g6: Torre, London and Colle Systems.} a5 9. Nc3 Bb7 10. Qd3 {The position is equal.} Re8 {aiming for ...e5.} 11. Rad1 Qc8 {[#]} 12. Qc4 $146 ({Predecessor:} 12. Bg3 e5 13. dxe5 dxe5 14. Qc4 Ba6 15. Qa2 Bxe2 16. Nxe2 Ne4 17. Nd2 Ndc5 18. Nxe4 Nxe4 {1-0 (30) Prie,E (2510)-Bailet,P (2426) Pau 2012}) 12... c5 ({Black should try} 12... Ne4 $11) 13. Qa2 h6 14. Bh2 Rf8 15. Nh4 Kh7 16. Bc4 Qe8 17. Nb5 Rc8 18. Bxd6 (18. d5 $16) 18... cxd4 {[#]} (18... exd6 $11 19. Nxd6 {[%mdl 64] Double Attack} Qe7 20. Nxc8 (20. Nxb7 cxd4 21. exd4 Nh5 $15) 20... Bxc8) 19. Nc7 $1 $16 {[%cal Rc7e8]} Qd8 (19... Rxc7 20. Bxc7) 20. Bxf7 Rxc7 $2 {[%mdl 8192] This move loses the game for Black.} (20... exd6 $16 {was worth a try.} 21. Bxg6+ Kh8) 21. Bxc7 Qxc7 22. Bxg6+ Kh8 23. Bf5 {White wants to mate with Ng6+!} Ne5 24. exd4 Bd5 25. b3 Nc6 26. Ng6+ {[%mdl 64] Double Attack. White is clearly winning.} Kg8 27. Nxf8 Kxf8 28. c4 Nb4 29. Qe2 Bf7 30. Rfe1 Bh5 31. g4 Be8 32. Qf3 Kg8 33. Re2 Nc6 34. d5 Nd8 35. Rde1 Bf8 36. Qg2 {Black must now prevent g5!} Nf7 37. h4 Qf4 38. Be6 Kg7 39. g5 hxg5 40. Bxf7 Bxf7 41. Qxg5+ Qxg5+ 42. hxg5 Nd7 43. Rxe7 Bxe7 44. Rxe7 Nc5 45. f4 Kf8 46. Rc7 Be8 47. f5 Bd7 48. f6 {Threatens to win with g6.} Kf7 49. Kf2 Kg6 50. Ke3 Kf7 51. Kf4 Kg6 52. Ke5 {Weighted Error Value: White=0.08/Black=0.43} 1-0

[Event "20th IPCA World-ch 2021"]
[Site "Torrevieja"]
[Date "2021.10.22"]
[Round "5.7"]
[White "Zavarsky, Juraj"]
[Black "Kaydanovich, Marina"]
[Result "1/2-1/2"]
[WhiteElo "1975"]
[BlackElo "1737"]
[Annotator "TA"]
[PlyCount "103"]
[EventDate "2021.10.19"]
[EventType "swiss"]
[EventRounds "9"]
[EventCountry "ESP"]
[SourceTitle "playchess.com"]
[Source "ChessBase"]
[SourceQuality "1"]

{[%evp 17,103,15,18,-2,3,0,0,0,4,0,26,25,35,0,0,-11,-9,-2,0,0,0,0,16,7,25,8,26,0,55,53,57,33,126,96,101,100,122,108,108,98,112,32,118,117,115,76,81,79,72,0,0,-139,-120,-222,69,28,72,28,110,77,77,77,77,0,19,19,27,0,0,0,50,0,55,55,55,55,55,37,37,37,78,25,25,1,60,60,60,60]} 1. e4 e5 2. Nf3 Nc6 3. Bb5 Nf6 4. O-O Bc5 5. d3 d6 6. c3 Bb6 7. Nbd2 O-O 8. Nc4 {8.Bxc6 is the recent fashion.} Ne7 9. Nxb6 axb6 10. Bc4 {C48: Four Knights: 4 Bb5, replies other than 4...Bb4.} Ng6 11. Re1 {[#]} Qe7 $146 ({Predecessor:} 11... Be6 12. Bxe6 fxe6 13. d4 exd4 14. Nxd4 Qd7 15. f4 e5 16. f5 exd4 17. fxg6 dxc3 18. gxh7+ {0-1 (47) Kulovana,E (2359)-Sosna,J (2396) Czech Republic 2011}) 12. h3 {The position is equal.} c6 13. Bb3 h6 14. d4 Rd8 15. Qe2 Be6 {[#] Strongly threatening ...Bxb3.} 16. dxe5 dxe5 17. Be3 c5 18. Nd2 Bxb3 19. axb3 {[%cal Ba2b3,Bb3b4,Bb4b5][%mdl 32]} Qe6 20. Qc4 Qc6 21. Rxa8 Rxa8 22. b4 Nd7 (22... cxb4 $11 23. cxb4 b5 24. Qxc6 bxc6) 23. b5 $14 Qc7 24. Rd1 Ngf8 (24... Rd8 $14) 25. Qd3 Ne6 26. Nc4 Rd8 27. Qe2 Nf6 28. Rxd8+ Nxd8 29. Qf3 ({White should play} 29. f3 $16) 29... Nd7 (29... Qd7 $14) 30. Qg3 Kf8 31. f4 f6 32. f5 Nf7 {Black wants to play ...Nd6.} 33. Qg6 (33. Qe1 $16) 33... Nd6 $11 34. Nxd6 (34. Bxh6 $11 {remains equal.} gxh6 35. Qxh6+ Kg8 36. Qg6+ Kf8 37. Qh6+ Kg8 38. Qg6+ Kf8 39. Qh6+) 34... Qxd6 $17 35. Qh7 (35. Kf2 $17 {was called for.}) 35... Qe7 $2 (35... Qd3 $19 36. Bf2 Qxe4 37. Qh8+ Kf7) 36. Qh8+ Kf7 37. Qc8 Nf8 (37... Qd6 $1 $11) 38. b4 {[%cal Rb4c5]} Qd7 39. Qxd7+ Nxd7 40. bxc5 (40. Kf2 $16) 40... bxc5 $16 {[%mdl 4096] Endgame KB-KN} 41. Kf2 Ke7 42. c4 Kd6 {[#] White must now prevent ...Nb6.} 43. Ke2 $1 Kc7 (43... Nb6 $5 44. Kd3 $8 Nc8 $11) 44. g4 Kb6 ({Black should try} 44... Kd6 $11) 45. Bd2 Nf8 46. h4 Kc7 47. g5 hxg5 48. hxg5 Kd6 49. Kf3 (49. g6 $16 Ke7 50. Ba5) 49... Nd7 $11 50. g6 {And now Bh6! would win.} Ke7 (50... Nb6 $11) 51. Ba5 $14 b6 52. Bd2 {Weighted Error Value: White=0.27/Black=0.33} 1/2-1/2

[Event "20th IPCA World-ch 2021"]
[Site "Torrevieja"]
[Date "2021.10.22"]
[Round "5.8"]
[White "Petrov, Maksim"]
[Black "Pilimon, Zbigniew"]
[Result "1-0"]
[WhiteElo "1568"]
[BlackElo "1638"]
[Annotator "NA RC"]
[PlyCount "49"]
[EventDate "2021.10.19"]
[EventType "swiss"]
[EventRounds "9"]
[EventCountry "ESP"]
[SourceTitle "playchess.com"]
[Source "ChessBase"]
[SourceQuality "1"]
[TimeControl "5400+30"]

1. d4 Nf6 2. c4 e6 3. Nc3 d5 4. cxd5 exd5 5. Bg5 Be7 6. e3 Bg4 7. Qb3 Nbd7 8. Qxb7 O-O 9. Qb3 Rb8 10. Qc2 Re8 11. Be2 Bxe2 12. Ngxe2 c5 13. O-O c4 14. f3 Nb6 15. Rad1 Nh5 16. Bxe7 Qxe7 17. e4 dxe4 18. fxe4 Nf6 19. e5 Nfd5 20. Qd2 Nb4 21. Ne4 Nc8 22. N2g3 Rb6 23. Nf5 Qb7 24. Nf6+ Kf8 25. Qg5 1-0

[Event "20th IPCA World-ch 2021"]
[Site "Torrevieja"]
[Date "2021.10.22"]
[Round "5.9"]
[White "Nazarov, Nicolai"]
[Black "Aleksandrova, Aleksandra"]
[Result "0-1"]
[WhiteElo "1770"]
[BlackElo "1728"]
[Annotator "NA RC"]
[PlyCount "95"]
[EventDate "2021.10.19"]
[EventType "swiss"]
[EventRounds "9"]
[EventCountry "ESP"]
[SourceTitle "playchess.com"]
[Source "ChessBase"]
[SourceQuality "1"]
[TimeControl "5400+30"]

1. e4 d6 2. d4 c6 3. c4 Nd7 4. Nc3 e5 5. d5 a5 6. Bd3 Be7 7. Nge2 Ngf6 8. O-O O-O 9. h3 Nc5 10. Bc2 Bd7 11. Kh2 Qc7 12. f4 exf4 13. Bxf4 Rfe8 14. Ng3 Bf8 15. Qd4 Na6 16. a3 c5 17. Qd3 g6 18. Bg5 Ng4+ 19. hxg4 Bxg4 20. Rf4 h5 21. Raf1 Bg7 22. Nb5 Qb8 23. Rxf7 Be5 24. Bd1 Bf5 25. Re7 Rxe7 26. Bxe7 Qe8 27. Bxd6 Bxe4 28. Qe3 h4 29. Bxe5 Qxe5 30. Qf4 hxg3+ 31. Qxg3 Qxb2 32. Nd6 Qh8+ 33. Kg1 Qd4+ 34. Qf2 Qe5 35. Qf7+ Kh8 36. Nxb7 Bf5 37. Kh1 Qd4 38. Be2 Qe3 39. Qf6+ Kh7 40. Qh4+ Kg7 41. Qf2 Rh8+ 42. Kg1 Qe5 43. g3 Rh3 44. Kg2 Rh8 45. Rh1 Rf8 46. Qe1 Be4+ 47. Bf3 Bxf3+ 48. Kf2 0-1

[Event "20th IPCA World-ch 2021"]
[Site "Torrevieja"]
[Date "2021.10.23"]
[Round "6.1"]
[White "Obodchuk, Andrei"]
[Black "Gedgafov, Chamal"]
[Result "1-0"]
[WhiteElo "2303"]
[BlackElo "2202"]
[Annotator "TA"]
[PlyCount "105"]
[EventDate "2021.10.19"]
[EventType "swiss"]
[EventRounds "9"]
[EventCountry "ESP"]
[SourceTitle "playchess.com"]
[Source "ChessBase"]
[SourceQuality "1"]

{[%evp 10,105,48,25,58,33,19,0,32,0,48,35,93,39,67,67,67,70,72,70,78,66,69,63,99,89,131,127,128,121,131,113,163,178,178,162,223,205,170,121,156,93,219,226,196,201,205,205,185,100,373,370,369,345,357,343,347,298,285,256,246,236,235,235,358,292,448,422,520,520,575,504,532,531,528,527,528,527,498,470,459,401,516,484,1476,1455,1239,1015,1156,1008,924,712,4960,4947,5616,5043,4631,4631]} 1. e4 e6 2. d4 d5 3. Nc3 Bb4 4. e5 b6 5. Qg4 Bf8 6. h4 Ne7 {C16: French: 3 Nc3 Bb4 4 e5: Lines without ...c5.} 7. h5 h6 {[#]} 8. Rh3 $146 ({Predecessor:} 8. Nge2 Ba6 9. Ng3 Qd7 10. Bxa6 Nxa6 11. Be3 O-O-O 12. O-O-O Kb7 13. Kb1 c5 14. dxc5 bxc5 {1-0 (59) Lobanov,S (2510)-Borsuk,K (2401) chess.com INT 2020}) 8... Ba6 {The position is equal.} 9. Nce2 Nf5 10. Qf4 Be7 (10... c5 $14) 11. Nf3 (11. g4 $16 Nh4 12. Bd2) 11... Bg5 12. Nxg5 Qxg5 13. Qxg5 hxg5 14. Bxg5 Bxe2 15. Bxe2 Nxd4 16. Bd3 c6 17. g4 Nd7 18. Be3 Nb5 19. f4 Nc5 20. Be2 O-O-O 21. a4 Nc7 {[#]} 22. a5 $1 d4 (22... Nd7 $142 23. g5 c5) 23. axb6 axb6 24. Bd2 Kb7 25. Rha3 ({White should play} 25. Bb4) 25... Ra8 (25... Nb5 $16) 26. Rxa8 $18 Nxa8 27. Bf3 Nc7 28. Kf2 Nd5 29. f5 (29. g5 $18) 29... Ne7 $2 {[%mdl 8192] [#]} (29... b5 $16) 30. f6 gxf6 31. exf6 Nd5 32. g5 Nd7 33. Re1 Kc7 34. Re4 c5 35. c4 dxc3 36. bxc3 ({But not} 36. Bxc3 $6 b5) 36... Kd6 (36... b5 $142 37. h6 Kd6) 37. Ra4 Ke5 (37... b5 {keeps fighting.} 38. Ra6+ Ke5) 38. Ra7 N7xf6 39. gxf6 Nxf6 40. h6 Rh7 41. Ra8 Ne4+ 42. Bxe4 Kxe4 {[%mdl 4096] Endgame KRB-KR} 43. Rg8 f6 44. Rg7 Rh8 45. Re7 Kd3 46. Rd7+ {White is clearly winning.} Kc2 (46... Ke4 $142 47. Rd6 Re8 48. Rxb6 Kf5) 47. Ke2 Rg8 48. Rg7 Rd8 49. Be1 Rd5 50. Rg4 Re5+ 51. Kf1 Rh5 52. Rh4 Rf5+ 53. Bf2 {Weighted Error Value: White=0.19/Black=0.45} 1-0

[Event "20th IPCA World-ch 2021"]
[Site "Torrevieja"]
[Date "2021.10.23"]
[Round "6.2"]
[White "Gurbanov, Andrei"]
[Black "Tsapalin, Sergey"]
[Result "1-0"]
[WhiteElo "2252"]
[BlackElo "1981"]
[Annotator "TA"]
[PlyCount "99"]
[EventDate "2021.10.19"]
[EventType "swiss"]
[EventRounds "9"]
[EventCountry "ESP"]
[SourceTitle "playchess.com"]
[Source "ChessBase"]
[SourceQuality "1"]

{[%evp 9,99,20,114,121,122,89,95,98,206,205,209,218,206,126,128,131,124,129,121,123,135,85,131,63,91,76,83,81,108,103,111,106,143,105,122,91,93,88,81,81,174,162,199,123,123,125,192,192,192,192,192,155,155,155,162,164,154,162,196,196,291,275,370,302,302,302,292,283,260,181,189,195,181,173,173,173,173,0,166,109,109,109,1489,649,5531,599,4227,4225,374,2258,1884,1557]} 1. d4 f5 2. Nc3 Nf6 3. Bg5 d5 4. e3 Be6 5. h4 {[#]} h5 $146 (5... Bf7 $11 {keeps the balance.}) ({Predecessor:} 5... Bf7 6. h5 h6 7. Bxf6 gxf6 8. g4 fxg4 9. Qxg4 Rg8 10. Qf3 Qd6 11. O-O-O Nd7 12. e4 dxe4 13. Nxe4 {1-0 (41) Jumabayev,R (2625)-Yakubboev,N (2587) Xingtai 2019}) 6. Nf3 {A80: Dutch Defence: Unusual White second moves.} Nbd7 7. Ne2 Bf7 8. Nf4 {White is better.} Ng4 (8... c6 $16) 9. c4 $18 c6 {[#]} 10. cxd5 Qa5+ 11. Qd2 Qxd2+ 12. Nxd2 cxd5 13. Rc1 e5 14. dxe5 Ngxe5 15. Bb5 a6 16. Ba4 (16. Be2 $16) 16... b5 17. Bd1 $40 {[%mdl 128] White has strong attack.} Bb4 {Black wants to play ...Nc4.} 18. a3 {[%cal Ba2a3,Ba3a4][%mdl 32]} Ba5 19. b4 Bd8 20. Nf3 Nc4 21. a4 Bb6 22. Nd4 Bxd4 23. exd4 O-O 24. O-O g6 (24... bxa4 $16 25. Bxa4 Nb8) 25. a5 Rac8 26. Nd3 (26. Re1 $18) 26... Rfe8 $16 27. Bf3 Nd6 (27... Nb8 $16) 28. Nc5 $18 Nxc5 29. dxc5 ({Much less strong is} 29. bxc5 $6 Nb7 $14) 29... Ne4 30. Be3 d4 31. Bxd4 Nd2 32. Rfd1 Nxf3+ 33. gxf3 Bd5 34. Kg2 Bc6 (34... Bb3 {was worth a try.}) 35. Be3 Rcd8 36. Bg5 Rxd1 37. Rxd1 {[%mdl 4096] Endgame KRB-KRB} Kf7 38. Kg3 Re6 39. Be3 Re7 40. Kf4 Re6 41. Rd8 Re8 42. Rd3 Re6 43. Rd8 Re8 $1 {[%cal Re8d8]} 44. Rxe8 (44. Rd2 $18) 44... Kxe8 {KB-KB} 45. Ke5 {[#] Threatens to win with Kd6.} Bxf3 $2 {[%mdl 8192] A mistake that costs the game.} (45... Kd7 $16) 46. Kd6 Kd8 47. Bf4 Kc8 {and the idea ...Kb7 leaves Black hopeful.} 48. c6 Be4 49. Kc5 Bf3 50. Kb6 {Weighted Error Value: White=0.20/Black=0.19} 1-0

[Event "20th IPCA World-ch 2021"]
[Site "Torrevieja"]
[Date "2021.10.23"]
[Round "6.3"]
[White "Petrov, Maksim"]
[Black "Anfinogenov, Artem"]
[Result "0-1"]
[WhiteElo "1568"]
[BlackElo "2032"]
[Annotator "TA"]
[PlyCount "64"]
[EventDate "2021.10.19"]
[EventType "swiss"]
[EventRounds "9"]
[EventCountry "ESP"]
[SourceTitle "playchess.com"]
[Source "ChessBase"]
[SourceQuality "1"]

{[%evp 9,64,-2,-19,5,5,0,37,38,27,32,213,209,207,207,207,205,179,-34,-33,-33,-35,-61,-65,-67,-61,-51,-51,-47,-49,-131,-116,-116,-77,-56,0,-129,-53,-58,-63,-38,-46,-45,-22,-41,-24,-40,-34,-45,-43,-55,-57,-95,-119,-183,-187,-1128,-1106]} 1. d4 Nf6 2. c4 e6 3. Nc3 Bb4 4. f3 c5 5. d5 b5 6. e4 {E20: Nimzo-Indian: 4 g3 and 4 f3.} O-O 7. Bg5 {7.Nh3 gains popularity.} Re8 (7... d6 {is more complex.} 8. dxe6 fxe6 9. cxb5 d5 10. Qb3 Bb7) 8. dxe6 {White is slightly better.} ({Of course not} 8. cxb5 exd5 9. Nge2 Bb7 $15) 8... Rxe6 {[#]} 9. cxb5 $146 {Bc4 is the strong threat.} ({Predecessor:} 9. Nge2 h6 10. Bd2 Bb7 11. Nf4 Re8 12. Be2 bxc4 13. O-O Nc6 14. Bxc4 Ne5 15. Be2 {½-½ (44) Zacurdajev,M (2260)-Smirnov,A (2421) St Petersburg 2004}) 9... Nxe4 $2 (9... d5 $14) 10. Bxd8 $18 Nxc3+ 11. Kf2 Nxd1+ 12. Rxd1 {Strongly threatening a3.} Re8 {[#]} 13. Bc4 $2 d5 $1 $15 {[%cal Rd5c4]} ({Reject} 13... Rxd8 $6 14. Bd5 $16) 14. Bxd5 Rxd8 15. Bxf7+ Kxf7 16. Rxd8 Nd7 $1 17. Nh3 Ba5 {[%mdl 1024] Black has compensation.} 18. Rh8 h6 19. g4 (19. a4 $15) 19... Nf8 20. Nf4 Bc7 21. Nd5 Ba5 (21... Bd6 $15) 22. Nf4 $1 $17 Bd7 (22... a6 $17 23. b6 Bxb6) 23. a4 $1 $15 Be8 24. h4 Bd2 25. Nd5 Rd8 $36 {[%mdl 2048] Black is more active.} 26. Nc7 {Black must now prevent Rxf8+!} Rc8 27. Nxe8 Rxe8 28. Rd1 Be3+ 29. Kg3 g6 30. g5 {[#]} h5 31. Rd6 (31. Rh6 $17 {was worth a try.}) 31... Bd4 $19 {[%mdl 64] And now ...Be5+ would win. Double Attack} 32. Rh6 $2 (32. Rxf8+ Rxf8 33. f4) 32... Be5+ {[%mdl 64] Double Attack.  Weighted Error Value: White=0.48/Black=0.20} 0-1